<?xml version="1.0" encoding="UTF-8"?><?xml-stylesheet type="text/xsl" href="static/style.xsl"?><OAI-PMH xmlns="http://www.openarchives.org/OAI/2.0/" xmlns:xsi="http://www.w3.org/2001/XMLSchema-instance" xsi:schemaLocation="http://www.openarchives.org/OAI/2.0/ http://www.openarchives.org/OAI/2.0/OAI-PMH.xsd"><responseDate>2026-04-29T08:16:56Z</responseDate><request verb="GetRecord" identifier="oai:riubu.ubu.es:10259/9574" metadataPrefix="marc">https://riubu.ubu.es/oai/request</request><GetRecord><record><header><identifier>oai:riubu.ubu.es:10259/9574</identifier><datestamp>2024-09-30T09:30:12Z</datestamp><setSpec>com_10259_4665</setSpec><setSpec>com_10259_5086</setSpec><setSpec>com_10259_2604</setSpec><setSpec>col_10259_7680</setSpec></header><metadata><record xmlns="http://www.loc.gov/MARC21/slim" xmlns:doc="http://www.lyncode.com/xoai" xmlns:xsi="http://www.w3.org/2001/XMLSchema-instance" xmlns:dcterms="http://purl.org/dc/terms/" xsi:schemaLocation="http://www.loc.gov/MARC21/slim http://www.loc.gov/standards/marcxml/schema/MARC21slim.xsd">
<leader>00925njm 22002777a 4500</leader>
<datafield tag="042" ind1=" " ind2=" ">
<subfield code="a">dc</subfield>
</datafield>
<datafield tag="720" ind1=" " ind2=" ">
<subfield code="a">Jimeno Bulnes, Mar</subfield>
<subfield code="e">author</subfield>
</datafield>
<datafield tag="720" ind1=" " ind2=" ">
<subfield code="a">Tinoco Pastrana, Ángel</subfield>
<subfield code="e">author</subfield>
</datafield>
<datafield tag="720" ind1=" " ind2=" ">
<subfield code="a">Hernández López, Alejandro</subfield>
<subfield code="e">author</subfield>
</datafield>
<datafield tag="720" ind1=" " ind2=" ">
<subfield code="a">Vidal Fernández, Begoña</subfield>
<subfield code="e">author</subfield>
</datafield>
<datafield tag="720" ind1=" " ind2=" ">
<subfield code="a">Márquez Carrasco, María del Carmen</subfield>
<subfield code="e">author</subfield>
</datafield>
<datafield tag="720" ind1=" " ind2=" ">
<subfield code="a">San Martín Calvo, Marina</subfield>
<subfield code="e">author</subfield>
</datafield>
<datafield tag="720" ind1=" " ind2=" ">
<subfield code="a">Garcimartín Montero, Regina</subfield>
<subfield code="e">author</subfield>
</datafield>
<datafield tag="720" ind1=" " ind2=" ">
<subfield code="a">Serrano Masip, Mercedes</subfield>
<subfield code="e">author</subfield>
</datafield>
<datafield tag="720" ind1=" " ind2=" ">
<subfield code="a">Miguel Barrio, Rodrigo</subfield>
<subfield code="e">author</subfield>
</datafield>
<datafield tag="720" ind1=" " ind2=" ">
<subfield code="a">Herrero Elejalde, Íñigo</subfield>
<subfield code="e">author</subfield>
</datafield>
<datafield tag="720" ind1=" " ind2=" ">
<subfield code="a">Sánchez Domingo, Mª Belén</subfield>
<subfield code="e">author</subfield>
</datafield>
<datafield tag="720" ind1=" " ind2=" ">
<subfield code="a">Ruiz López, Cristina</subfield>
<subfield code="e">author</subfield>
</datafield>
<datafield tag="720" ind1=" " ind2=" ">
<subfield code="a">Mangiaracina, Annalisa</subfield>
<subfield code="e">author</subfield>
</datafield>
<datafield tag="720" ind1=" " ind2=" ">
<subfield code="a">Pérez Marín, María de los Ángeles</subfield>
<subfield code="e">author</subfield>
</datafield>
<datafield tag="720" ind1=" " ind2=" ">
<subfield code="a">Banach-Gutiérrez, Joanna Beata</subfield>
<subfield code="e">author</subfield>
</datafield>
<datafield tag="720" ind1=" " ind2=" ">
<subfield code="a">Cacciatore, Serena Sabrina Immacolata</subfield>
<subfield code="e">author</subfield>
</datafield>
<datafield tag="720" ind1=" " ind2=" ">
<subfield code="a">De Caro, Constanza</subfield>
<subfield code="e">author</subfield>
</datafield>
<datafield tag="720" ind1=" " ind2=" ">
<subfield code="a">Pincelli, Linda</subfield>
<subfield code="e">author</subfield>
</datafield>
<datafield tag="720" ind1=" " ind2=" ">
<subfield code="a">Álvarez de Neyra Kappler, Susana</subfield>
<subfield code="e">author</subfield>
</datafield>
<datafield tag="720" ind1=" " ind2=" ">
<subfield code="a">Sanvitale, Francesco</subfield>
<subfield code="e">author</subfield>
</datafield>
<datafield tag="720" ind1=" " ind2=" ">
<subfield code="a">Fauchon, Chloé</subfield>
<subfield code="e">author</subfield>
</datafield>
<datafield tag="720" ind1=" " ind2=" ">
<subfield code="a">Agostino, Lorenzo</subfield>
<subfield code="e">author</subfield>
</datafield>
<datafield tag="720" ind1=" " ind2=" ">
<subfield code="a">Vicario Pérez, Ana María</subfield>
<subfield code="e">author</subfield>
</datafield>
<datafield tag="260" ind1=" " ind2=" ">
<subfield code="c">2024</subfield>
</datafield>
<datafield tag="520" ind1=" " ind2=" ">
<subfield code="a">La obra colectiva que se presenta es culminación del proyecto investigador financiado por el entonces Ministerio de Ciencia e Innovación en el marco del programa del Plan Nacional bajo idéntica rúbrica: “El Derecho Procesal Civil y Penal desde la perspectiva de la Unión Europea: la consolidación del Espacio de Libertad, Seguridad y Justicia” (Ref. PID2021-124027NB-I00). A su vez tiene origen en el Congreso Internacional celebrado en la Facultad de Derecho de la Universidad de Sevilla en las fechas de 9 y 10 de marzo de 2023, con el título “Retos de la Cooperación Judicial europea en materia civil y penal”. De este modo compila los trabajos aportados tanto por los distintos miembros del equipo de dicho proyecto, profesores y profesoras en distintas universidades españolas y extranjeras, así como una selección de las comunicaciones defendidas en este último congreso. De nuevo y en continuación con anteriores publicaciones del equipo, se aborda distinta temática del Espacio de Libertad, Seguridad y Justicia (ELSJ) desde la doble perspectiva civil y penal así como, prioritariamente, procesal pero también sustantiva; a ello se suman otras materias transversales de evidente actualidad en el panorama europeo y nacional como es el fenómeno de la digitalización, diligencia debida, planes de reestructuración... Se trata así de una obra de interés tanto en el mundo académico como práctico forense dada la distinta procedencia de sus autores, en su mayor parte investigadores con trayectoria consolidada en materia de ELSJ a la luz de sus publicaciones a título individual y/o colectivo, al igual que en virtud de ulteriores actividades de carácter nacional e internacional que desarrolla el grupo de investigación (mayor información en https://www.ubu.es/caji).</subfield>
</datafield>
<datafield tag="024" ind2=" " ind1="8">
<subfield code="a">9788410710429</subfield>
</datafield>
<datafield tag="024" ind2=" " ind1="8">
<subfield code="a">http://hdl.handle.net/10259/9574</subfield>
</datafield>
<datafield tag="024" ind2=" " ind1="8">
<subfield code="a">10.36151/TLB_9788410710429</subfield>
</datafield>
<datafield tag="245" ind1="0" ind2="0">
<subfield code="a">El Derecho Procesal Civil y Penal desde la perspectiva de la Unión Europea: la consolidación del espacio de libertad, seguridad y justicia</subfield>
</datafield>
</record></metadata></record></GetRecord></OAI-PMH>